000 00386cam a22001097a 4500
008 180718b1985 xxu||||| |||| 00| 0 eng d
082 _aF8065x5462 L/1985
100 _aSingh, Attar
245 _aHimachal Pradesh state: report on Legislative Assembly general elections, 1985
_cby Attar Singh
260 _aShimla
_bChief Electoral Officer and Financial Commissioner
_c1985
300 _a75+p.
999 _c490646
_d490646